| 000 | 00793nam a22001937a 4500 | ||
|---|---|---|---|
| 999 |
_c36350 _d36350 |
||
| 003 | OSt | ||
| 005 | 20260114222450.0 | ||
| 008 | 260114b ||||| |||| 00| 0 eng d | ||
| 040 | _cBCRI | ||
| 082 | _a004.1 | ||
| 100 |
_949979 _aMonge Cruz, Aracely Elizabeth |
||
| 245 |
_aPasantía en Centro Escolar "Juan Pablo II" _b: informe final _cAracely Elizabeth Monge Cruz |
||
| 260 |
_aIlobasco, Cabañas _bUniversidad Católica de El Salvador _c2025 |
||
| 300 |
_a97 h. _c27 cm. _eVersión digital en USB |
||
| 502 | _aTrabajo de graduación para optar al grado académico de Ingeniera en Sistemas Informáticos | ||
| 650 | 0 |
_92031 _aInformática |
|
| 710 |
_940915 _aUniversidad Católica de El Salvador _bCentro Regional de Ilobasco _bFacultad Multidisciplinaria |
||
| 942 |
_2ddc _cTG _hprozim |
||